Fiscalidad del automóvil (Registro nro. 161336)
[ vista simple ]
| 000 -LEADER | |
|---|---|
| fixed length control field | 01489nam a2200337 a 4500 |
| 007 - PHYSICAL DESCRIPTION FIXED FIELD--GENERAL INFORMATION | |
| fixed length control field | cr|||| |||| |
| 008 - FIXED-LENGTH DATA ELEMENTS--GENERAL INFORMATION | |
| fixed length control field | 020527s2002 spc|||||| 000 ||spa| |
| 017 ## - | |
| -- | DL B. 9633-2002 |
| 020 ## - INTERNATIONAL STANDARD BOOK NUMBER | |
| International Standard Book Number | 8495027968 |
| 035 ## - | |
| -- | 3238 |
| 040 ## - CATALOGING SOURCE | |
| Modifying agency | vLex |
| 043 ## - | |
| -- | e-sp--- |
| -- | e-sp--- |
| -- | catmarc |
| 080 ## - | |
| -- | 336.21.5:504.06(460) |
| 080 ## - | |
| -- | 504.06:336.21.5:(460) |
| 090 ## - | |
| -- | 2918 |
| -- | 2918 |
| 100 1# - MAIN ENTRY--PERSONAL NAME | |
| Personal name | Roselló Moreno, Carlos de |
| 245 10 - TITLE STATEMENT | |
| Title | Fiscalidad del automóvil |
| Medium | [Recurso electrónico] : |
| Remainder of title | reforma fiscal ecológica e incentivos para la renovación del parque de vehículos / |
| Statement of responsibility, etc | Carlos de Roselló Moreno |
| 256 ## - | |
| -- | Servicio en línea |
| 260 ## - PUBLICATION, DISTRIBUTION, ETC. (IMPRINT) | |
| Place of publication, distribution, etc | Barcelona : |
| Name of publisher, distributor, etc | Cedecs, |
| Date of publication, distribution, etc | 2002 |
| 300 ## - PHYSICAL DESCRIPTION | |
| Extent | 1 recurso electrónico |
| 504 ## - BIBLIOGRAPHY, ETC. NOTE | |
| Bibliography, etc | Bibliografía p. 289-309 |
| 506 1# - RESTRICTIONS ON ACCESS NOTE | |
| Terms governing access | Contenido solo disponible en los productos indicados |
| Authorized users | vLex Global |
| -- | vLex Global (Academic Edition, excluding Law Schools) |
| -- | vLex Global (U.S. Academic Edition, Law Schools) |
| -- | vLex Global (U.S. Academic Edition, excluding Law Schools) |
| -- | vLex Global (Academic Edition, Law Schools) |
| 650 04 - SUBJECT ADDED ENTRY--TOPICAL TERM | |
| Topical term or geographic name as entry element | Automóviles |
| General subdivision | Impuestos |
| Geographic subdivision | España |
| 650 04 - SUBJECT ADDED ENTRY--TOPICAL TERM | |
| Topical term or geographic name as entry element | Tasa ecológica |
| General subdivision | Derecho y legislación |
| Geographic subdivision | España |
| 650 04 - SUBJECT ADDED ENTRY--TOPICAL TERM | |
| Topical term or geographic name as entry element | Automóviles |
| General subdivision | Impuestos |
| -- | Derecho |
| Geographic subdivision | España |
| 740 0# - | |
| -- | vLex Libros (Servicio en línea) |
| 830 #0 - | |
| -- | Derecho financiero y tributario (Cedecs) |
| 856 40 - LOCALIZACIÓN Y ACCESO ELECTRÓNICO | |
| Identificador Uniforme del Recurso (URI/URL) | https://app.vlex.com/#/sources/fiscalidad-automovil-reforma-fiscal-ecologica-3238 |
| 942 ## - | |
| -- | RAA |
| 999 ## - | |
| -- | 161336 |
| -- | 161336 |
No hay ítems disponibles.